000 00624nam a2200241Ia 4500
003 OSt
005 20220925215208.0
006 a|||||r|||| 00| 0
007 ta
008 220923b |||||||| |||| 00| 0 eng d
020 _a0 435 95700 1
037 _cGeneral Book
040 _aRTL
_cRTL
_beng
041 _2eng
_aeng
082 _aU287.65, L7
100 _aOjo Oyediran
_994942
245 0 _aClimate of west Africa
260 _aLondon
_bHeinemann
_c1977
300 _axvii, 218p
_ccm.
650 _aClimate
942 _hU287.65, L7
_cGB
_2CC
999 _c568192
_d568192